000 00489nam a2200193Ia 4500
008 151121s9999||||xx |||||||||||||| ||und||
082 _a420/JOL
082 _bHNW-28564
100 _aJolowicz J। A।
245 _aWinfield On Tort
260 _b"The English Language B। S।, London"
260 _c--
300 _a842
600 _aJolowicz J। A।
630 _aWinfield On Tort
700 _aJolowicz J। A।
730 _aWinfield On Tort
942 _cBOOK
999 _c1224001
_d1223998